[Event "Fagernes GM Swiss 2020"]
[Site "Fagernes"]
[Date "2020.10.06"]
[Round "4.12"]
[White "Mansoor, Afras"]
[Black "Vitenberg, Noam Aviv"]
[Result "0-1"]
[WhiteElo "2117"]
[BlackElo "2298"]
[Annotator "TA"]
[PlyCount "100"]
[EventDate "2020.10.04"]
[EventType "swiss"]
[EventCountry "NOR"]
[SourceTitle "playchess.com"]
[Source "ChessBase"]
[SourceQuality "1"]

{[%evp 19,100,-55,-26,-29,-25,-35,-7,-14,-12,-16,-21,-3,-14,-21,0,0,19,18,20,18,12,-47,-42,-37,-33,-51,-47,-46,-25,-40,-28,-69,-61,-108,-97,-126,-93,-290,-280,-272,-147,-153,-144,-255,-260,-467,-417,-408,-380,-1106,-380,-380,-380,-380,-373,-602,-601,-661,-660,-706,-706,-698,-691,-687,-687,-687,-684,-691,-677,-583,-566,-29971,-4682,-29973,-432,-5706,-358,-4814,-4810,-29991,-29992,-29992,-29989]} 1. c4 e6 2. g3 d5 3. Bg2 Nf6 4. Nf3 dxc4 5. Qa4+ Nbd7 6. Qxc4 a6 7. d4 b5 8. Qc2 Bb7 9. O-O c5 10. a4 Rc8 11. axb5 {E03: Open Catalan: 5 Qa4+ Nbd7 6 Qxc4.} axb5 12. Qb3 Qb6 13. Na3 {The position is equal.} Bc6 14. Ne5 Nxe5 15. dxe5 Nd5 16. e4 {[#]} c4 $146 ({Predecessor:} 16... Nb4 17. Qe3 Qb8 18. Bd2 Be7 19. Bc3 O-O 20. f4 c4 21. Kh1 Nd3 {0-1 (35) Balog,I (2415)-Perunovic,M (2579) Plovdiv 2008}) 17. Qf3 Qb7 18. Nxb5 Qxb5 19. exd5 Bxd5 20. Qf4 (20. Qd1 $11) 20... Bxg2 $15 21. Kxg2 {With the idea Ra7.} Bc5 22. Qg4 O-O 23. Bg5 Qxb2 24. Bf6 $1 {[%csl Gf6][%cal Rg4g7]} g6 25. Qf4 Rfe8 $1 26. Ra7 Qd4 ({Stronger than} 26... Bxa7 27. Qh6 Qb7+ 28. Kh3 Qg2+ 29. Kxg2 Rf8 30. Qg7#) 27. Ra4 Qd5+ 28. Kg1 $2 {Now White is beyond hope.} (28. Qf3 $17 {keeps fighting.}) 28... c3 $19 29. Rc1 Bf8 (29... Ra8 $19 {Hoping for ...Rxa4.} 30. Qh6 (30. Rxa8 $2 Rxa8 31. Bg5 Ra2 $19) 30... Bf8) 30. Rd4 $17 Qb5 31. Qe3 (31. Rc2 $17) 31... Qb2 $19 32. Rd7 $2 (32. Rdd1) 32... Bc5 33. Qf4 {[#] Strongly threatening Bg5.} Bxf2+ $1 {[%mdl 512]} 34. Kf1 $2 (34. Kh1 Qb5 35. Kg2) (34. Qxf2 Qxc1+) 34... Qb5+ $2 (34... Bb6 {White must now prevent ...Rc4!} 35. Rdd1 Qxh2) 35. Kg2 {[#]} Be3 $1 {[%mdl 512]} 36. Qxe3 {Threatening mate with Qh6!} Qxd7 37. Rc2 $2 (37. Rxc3 Qb7+ 38. Kh3) 37... Qd5+ 38. Kh3 {White wants to mate with Qh6.} Qd1 39. Re2 {[#]} Qxe2 $1 {[%mdl 576] Remove Defender} 40. Qxe2 c2 41. Bg5 c1=Q 42. Bxc1 Rxc1 {[%mdl 4096] Endgame KQ-KRR} 43. Qe3 Rd1 44. Kg4 Red8 45. Kh4 R8d5 (45... R1d2 $142 46. Qg1 R8d4+ 47. Kh3 Re4 48. Qb1 Ree2 49. Kg4 Rxh2 50. Kf3 Rb2 51. Qd1 Kg7 52. Ke3 h5 53. Qf1 Rb3+ 54. Kd4 Rd2+ 55. Kc5 Rxg3 56. Qf4 Rd5+ 57. Kb6 Rg4 58. Qf6+ Kg8 59. Kc6 h4 60. Qf3 Rc4+ 61. Kb6 Rxe5 62. Qa8+ Kg7 63. Qa1 Rce4 64. Qf1 g5 65. Qh1 Rb4+ 66. Kc7 Rc5+ 67. Kd6 Rd5+ 68. Kc6 Kg6 69. Qh2 f5 70. Qe2 Re4 71. Qa6 Red4 72. Qa8 Rd8 73. Qa3 g4 74. Qe7 {[#]} R8d6+ $1 {[%mdl 512]} 75. Kc5 g3 76. Kb5 h3 77. Qf8 R6d5+ 78. Kc6 h2 79. Qg8+ Kh5 80. Qh7+ Kg4 81. Qh6 Rd1 82. Qg7+ Kf4 83. Qh6+ Kf3 84. Qh8 h1=Q 85. Qg7 Rc1+ 86. Kb7 Rb5+ 87. Ka6 Qf1 88. Qe5 Rb3+ 89. Ka7 Ra1+ 90. Qxa1 Qxa1#) 46. g4 Rb1 (46... R1d3 $142 47. Qe2 h6 48. Qf1 Rb3 49. Qg2 Rxe5 50. g5 hxg5+ 51. Kg4 Rb4+ 52. Kg3 Re3+ 53. Qf3 Rxf3+ 54. Kxf3 g4+ 55. Ke2 f5 56. Kd3 f4 57. Kc3 Rb1 58. Kc2 Rh1 59. Kd3 g3 60. Ke4 g2 61. Kd4 Rxh2 62. Ke5 g1=Q 63. Kd6 Qd4+ 64. Kc7 Qc5+ 65. Kd7 Rd2+ 66. Kxe6 Qd6#) 47. Qf4 (47. Kg3 $142) 47... Rbb5 $2 (47... Rb3 48. Kg5 Rdd3) 48. Qf6 $2 (48. Qf3) 48... h6 49. h3 Rb3 50. Qf1 Rdd3 {Accuracy: White = 40%, Black = 67%.} 0-1

[Event "Fagernes GM Swiss 2020"]
[Site "Fagernes"]
[Date "2020.10.06"]
[Round "4.13"]
[White "Dolzhikova, Olga"]
[Black "Holleland, Sigve"]
[Result "1-0"]
[WhiteElo "2208"]
[BlackElo "2133"]
[Annotator "TA"]
[PlyCount "145"]
[EventDate "2020.10.04"]
[EventType "swiss"]
[EventCountry "NOR"]
[SourceTitle "playchess.com"]
[Source "ChessBase"]
[SourceQuality "1"]

{[%evp 9,145,25,29,31,18,27,28,15,42,43,53,19,119,119,116,114,120,120,127,119,123,119,127,123,122,123,111,111,113,119,133,68,68,54,76,5,8,6,2,10,4,4,4,4,5,2,18,18,19,10,23,-13,-13,-13,-13,-13,-13,-13,-14,-15,-12,-20,0,-5,0,0,0,0,0,0,0,-4,0,0,0,-8,-5,-28,0,-5,-5,-5,0,-5,-5,-8,-5,-8,-5,-5,-5,-5,-5,-15,0,0,0,-8,0,0,0,0,0,0,0,0,0,0,0,0,0,0,0,0,0,0,0,0,0,0,0,0,0,0,0,0,0,0,29973,29964,29958,29969,29968,29968,29965,29971,29970,29971]} 1. e4 c6 2. d4 d5 3. e5 c5 4. Nf3 Nc6 5. dxc5 Bg4 6. c3 {B12: Caro-Kann: Advance Variation.} Bxf3 7. Qxf3 e6 8. Be3 {White has an edge.} Nxe5 9. Bb5+ Nc6 10. c4 $1 {[%mdl 4] Threatens to win with Nc3. is now more promising than 10.0-0.} Nf6 (10... Qf6 $11 11. Nd2 (11. cxd5 Qxf3 12. gxf3 exd5 $11) 11... Qxf3 12. Nxf3 Nf6) 11. Nc3 $16 Be7 {[#]} 12. O-O-O $146 {[%cal Rc4d5]} ({Predecessor:} 12. cxd5 Nxd5 13. O-O O-O 14. Rfd1 Qa5 15. Nxd5 exd5 16. Bf1 d4 17. Bxd4 Bxc5 18. Bc3 {½-½ (40) Warakomski,T (2537)-Dudzinski,P (2241) Katowice 2017}) 12... O-O 13. cxd5 Nxd5 14. Nxd5 exd5 15. Rxd5 Qa5 16. Bc4 $1 Bf6 17. Bd2 Qc7 18. Kb1 Rad8 19. Bf4 Qa5 {...Qb4! is the strong threat.} 20. Rhd1 (20. Bd6 $16) 20... Qb4 $14 {[%csl Gf6][%cal Rb4b2]} 21. Bb3 Nd4 $1 {[%cal Rd4f3] [#]} 22. Qe4 (22. Qc3 $1 $16 {[%cal Rc3b4]} Qxc3 23. bxc3 Rxd5 24. Bxd5) 22... Rde8 $132 {[%mdl 2048] Black is fighting back} 23. Be5 Bxe5 24. Rxe5 Rxe5 25. Qxe5 Nxb3 26. axb3 Qxb3 {[%mdl 4096] Endgame KQR-KQR} 27. Rd7 h6 28. Qd5 Qxd5 29. Rxd5 {KR-KR} Rc8 30. Rd7 Rxc5 31. Rxb7 a5 32. Rd7 g5 33. Rd4 Kg7 34. h4 Kg6 35. hxg5 hxg5 36. Rd2 Kf5 37. Rc2 Rd5 38. Kc1 g4 39. Rc3 Kg5 40. Re3 f5 41. Kc2 Rd8 42. Re5 a4 43. Ra5 Rd4 44. Re5 Kf6 45. Re3 Kg5 46. Re5 Rc4+ 47. Kd3 Rb4 48. Kc2 Rf4 49. Re2 Rc4+ 50. Kd2 Rb4 51. Ke1 f4 52. Rc2 Kf5 53. f3 g3 54. Re2 Rb8 55. Kd1 $1 Rh8 56. Kd2 Rb8 57. Kc2 Rh8 58. Kd2 Rh2 59. Kc2 Kg5 60. Kd2 Kf5 61. Kc2 Rh1 62. Kd2 Rg1 (62... Rh2 {seems wilder.}) 63. Kc2 Kg5 64. Kd2 Kh4 65. Kc2 Rxg2 66. Rxg2 {KR-K3P} Kh3 67. Rg1 Kh2 (67... g2 $5 68. Kd3 $8 Kh2 $11) 68. Ra1 Kg2 $2 {[%mdl 8192]} (68... g2 $11 69. Kd3 g1=Q 70. Rxg1 Kxg1) 69. Kd3 {White mates.} Kxf3 70. Rf1+ Kg4 {[#]} 71. Ke4 $1 g2 72. Rxf4+ Kh3 73. Rf8 {Accuracy: White = 93%, Black = 92%.} 1-0

[Event "Fagernes GM Swiss 2020"]
[Site "Fagernes"]
[Date "2020.10.06"]
[Round "4.14"]
[White "Torngren, Gustav"]
[Black "Skaslien, Ingrid"]
[Result "1-0"]
[WhiteElo "2185"]
[BlackElo "1976"]
[Annotator "TA"]
[PlyCount "101"]
[EventDate "2020.10.04"]
[EventType "swiss"]
[EventCountry "NOR"]
[SourceTitle "playchess.com"]
[Source "ChessBase"]
[SourceQuality "1"]

{[%evp 23,100,34,43,0,0,0,0,0,0,7,4,0,0,0,9,0,46,38,67,31,59,13,13,24,47,29,47,27,36,36,60,20,53,-6,25,-1,55,55,62,0,0,0,62,68,100,20,25,16,10,0,25,0,0,0,0,0,23,0,39,56,189,24,86,0,0,0,8,8,5,5,8,8,88,87,56,36,786,776,29999]} 1. c4 c5 2. g3 g6 3. Bg2 Bg7 4. Nf3 Nc6 5. O-O e5 6. Nc3 d6 7. Rb1 Nge7 8. a3 a5 9. d3 O-O 10. Bd2 h6 11. Ne1 Be6 12. Nd5 Rb8 13. Nc2 {A37: Symmetrical English vs ...g6: 4 Bg2 Bg7 5 Nf3.} b5 14. cxb5 {[#]} Bxd5 $146 ({Predecessor:} 14... Rxb5 15. Nxe7+ Nxe7 16. b4 axb4 17. axb4 cxb4 18. Rxb4 Rxb4 19. Nxb4 Qd7 20. Qc1 Rc8 21. Qa3 {½-½ (21) Arsovic,G (2440)-Perunovic,M (2426) Novi Sad 2000}) 15. Bxd5 {The position is equal.} Nxd5 16. bxc6 Ne7 17. Ne3 Nxc6 18. Nd5 Nd4 19. Bc3 Re8 20. e4 Nb3 21. Qg4 Qg5 22. Qxg5 (22. Qh3 {seems wilder.} h5 23. Kh1 a4 24. f4 Qg4 25. Qxg4 hxg4 26. fxe5 dxe5 27. Ne3) 22... hxg5 23. a4 Rb7 24. Ne3 Ra8 25. f3 Ra6 26. Kf2 Kf8 27. Ke2 Ke7 28. Kd1 (28. Rh1 $14) 28... Rb8 29. Kc2 Nd4+ (29... Ke6 $11) 30. Bxd4 $1 $14 exd4 31. Nc4 (31. Nd5+ $14 Kf8 32. h4) 31... Ke6 $11 32. Na3 d5 (32... Rh8 $11) 33. Rbe1 $14 Ra7 34. Nb5 (34. exd5+ $16 Kxd5 35. Nc4) 34... Rab7 $11 35. Kb3 Rc8 36. Rc1 f5 37. exd5+ Kxd5 38. Rfe1 Be5 39. Rc2 Bb8 40. Ka2 f4 41. g4 Rh8 ({Better is} 41... Rh7 $1 $14) 42. Rec1 $2 (42. Rce2 $1 $18) 42... Rc8 (42... Bd6 $1 $11) 43. Rc4 (43. Re2 $1 $16) 43... Be5 44. Re1 Rh8 45. Rxc5+ Kxc5 46. Rxe5+ {KRR-KRN} Kb4 47. Nxd4 {Intending Nc6+ and mate.} Kxa4 (47... Rb6 $11 {keeps the balance.}) 48. Nc6 $16 {[%csl Gc6][%cal Re5a5]} Ra8 49. Rc5 {[%mdl 1024] Hoping for Nd4. White has compensation.} Ra6 $2 {[%mdl 8192] [#]} (49... Rb5 $14 50. Rc4+ Rb4 $1 {[%mdl 512]}) 50. Nd4 $1 $18 {Rc4+ would kill now.} Rd7 51. Rc4# {Accuracy: White = 66%, Black = 49%.} 1-0

[Event "Fagernes GM Swiss 2020"]
[Site "Fagernes"]
[Date "2020.10.06"]
[Round "4.15"]
[White "Abdrlauf, Elham"]
[Black "Oye-Stromberg, Alexander"]
[Result "1/2-1/2"]
[WhiteElo "2362"]
[BlackElo "2048"]
[Annotator "TA"]
[PlyCount "98"]
[EventDate "2020.10.04"]
[EventType "swiss"]
[EventCountry "NOR"]
[SourceTitle "playchess.com"]
[Source "ChessBase"]
[SourceQuality "1"]

{[%evp 14,98,0,-101,-93,-117,-115,-113,-115,-118,-87,-89,-112,-107,-106,-128,78,92,91,91,85,114,123,33,30,40,41,14,80,-143,-118,-122,-132,-212,-197,-199,72,-154,-28,-428,-426,-402,-250,-250,-240,-336,-329,-447,-440,-395,-283,-260,-242,-249,-230,-230,0,-526,-496,-515,-497,-505,-500,-637,-624,-664,-674,-620,-431,-890,-810,-833,-1061,-4137,-4137,-1893,-187,-4135,-4135,-4133,-1293,-4133,-4133,-1677,0,-738,0]} 1. e4 e6 2. d4 d5 3. e5 c5 4. c3 Nc6 5. Nf3 Qb6 6. Be2 Nh6 7. O-O cxd4 8. cxd4 (8. Bxh6 $11 dxc3 9. Nxc3 gxh6 10. Bd3) 8... Nf5 $17 {C02: French: Advance Variation.} 9. Re1 Nfxd4 10. Nxd4 Qxd4 {Black is better.} 11. Bd3 Qb6 12. Nc3 Bd7 {[#]} 13. Bg5 $146 ({Predecessor:} 13. b3 Bb4 14. Bb2 a6 15. Na4 Qc7 16. Re2 b5 17. Nc3 Nxe5 18. Nxb5 Bxb5 19. Bxe5 Qb7 20. Bxb5+ axb5 21. Bxg7 Rg8 22. Bd4 {½-½ (22) Van Lenthe,B (1224)-Van Puyvelde,S (1298) Hengelo 2005}) 13... h6 (13... Qxb2 $6 14. Nb5 $14) 14. Qh5 {and if Nxd5! works, White does fine.} Be7 $2 {[#]} (14... Bc5 $17 15. Re2 Nb4) 15. Nxd5 $1 $16 {[%mdl 512]} exd5 16. e6 $1 Bxe6 17. Rxe6 Kd7 18. Qxf7 (18. Be3 $16 fxe6 19. Bxb6 axb6 20. Qf7) 18... hxg5 $14 19. Bf5 {White wants to mate with Rxe7+.} Kd8 {Threatens to win with ...Qc5.} 20. Qxg7 Re8 {[#]} (20... Rf8 $1 $11 21. Rd6+ (21. Rxe7 Rxf5 22. Re3 Qc5 $11) 21... Kc7 22. Rxc6+ {[%mdl 64] Remove Defender} Qxc6 23. Qxe7+ Kb6 24. Qxg5 a6) 21. Rd6+ $2 (21. a3 $1 $16 {and life is bright.}) 21... Kc7 $17 22. Rd7+ Kb8 23. Qg6 (23. Re1 $17 a5 24. Rexe7 Nxe7 25. Rxe7) 23... Rd8 24. Re1 Qa5 $2 (24... Qxb2 25. Qe6 $16 (25. Rdxe7 Nxe7 26. Qxg5 Qb4 $11)) (24... Bc5 $19 25. Re2 a6 26. Rxd8+ Nxd8 27. Qxb6 Bxb6) 25. Kf1 $2 (25. Rdxe7 $16 {keeps the pressure on. Black must now prevent Qg7.} Nxe7 26. Rxe7) 25... a6 (25... Qb5+ $17 26. Bd3 Qb4 27. Rxd8+ (27. Rexe7 $2 Nxe7 28. Rxd8+ Kc7 $19) 27... Bxd8) 26. b4 $2 {[%mdl 8192]} (26. Rdxe7 $11 Nxe7 27. Rxe7) 26... Qb5+ $19 27. Bd3 Rxd7 28. Bxb5 axb5 29. Qc2 d4 ({Don't take} 29... Nxb4 30. Qe2 $19) ({Much less strong is} 29... Bxb4 30. Re8+ Ka7 31. Rxa8+ Kxa8 32. a3 $19) 30. Rd1 d3 31. Qb3 d2 32. a3 Kc7 33. Qg3+ Kb6 34. Qe3+ {[#]} Kc7 $2 ({Better is} 34... Rd4 $1 $19 {Strongly threatening ...Bd6.} 35. h3 Kc7 36. Qg3+ Kb6) 35. Rxd2 $2 {[%mdl 8192]} (35. Qg3+ $1 $11 Kb6 36. Qe3+ Rd4 37. h3) 35... Rxd2 36. Qxd2 Rxa3 37. g4 Nxb4 38. Qe2 Nc6 39. Qxb5 Ra5 40. Qb2 b5 41. h4 (41. Qb3 $142) 41... gxh4 42. f4 h3 43. g5 Bc5 44. Qh8 Bd4 $2 (44... Ra3 {...Bd4 is the strong threat.} 45. g6 Rf3+ 46. Ke1 Nd4 47. Qe5+ Kb6 48. Qb8+ Ka5 49. Qa8+ Kb4) 45. Qh7+ $2 (45. Qxh3 b4 46. Kg2) 45... Kb6 46. Qxh3 Ra1+ (46... b4 $142 47. g6 Ra3) 47. Ke2 Ra2+ 48. Kd1 Ra1+ (48... b4 $142 49. g6 Ra3) 49. Ke2 {Now f5 and White clings on.} Ra2+ $2 {Accuracy: White = 45%, Black = 57%.} ({Black should try} 49... b4 $19 50. g6 Ra3) 1/2-1/2

[Event "Fagernes GM Swiss 2020"]
[Site "Fagernes"]
[Date "2020.10.06"]
[Round "4.16"]
[White "Krivenko, Dion"]
[Black "Shehzad, Shazil"]
[Result "0-1"]
[WhiteElo "2047"]
[BlackElo "2188"]
[Annotator "TA"]
[PlyCount "66"]
[EventDate "2020.10.04"]
[EventType "swiss"]
[EventCountry "NOR"]
[SourceTitle "playchess.com"]
[Source "ChessBase"]
[SourceQuality "1"]

{[%evp 21,66,-29,-20,-91,-27,-107,-102,-96,-76,-152,-156,-188,-187,-182,-180,-237,-192,-475,-459,-634,-636,-562,-340,-332,-323,-548,-460,-525,-562,-539,-554,-513,-480,-539,-540,-685,-684,-655,-563,-536,0,-641,-537,-703,-700,-29977,-29977]} 1. e4 c5 2. Nf3 d6 3. d4 cxd4 4. Qxd4 Nc6 5. Bb5 Bd7 6. Bxc6 Bxc6 7. Nc3 Nf6 8. Bg5 e6 9. O-O-O Be7 10. Rhe1 O-O 11. Qd2 h6 12. Bh4 {[#] B53: Sicilian: 2...d6: Lines with Qxd4.} (12. Bf4 $11) 12... Qc7 {[#]} (12... Nxe4 $1 $17 13. Nxe4 Bxh4 14. Qxd6 Qxd6 15. Rxd6 Bd8) 13. g4 $146 (13. Nd4 $11) ({Predecessor:} 13. Kb1 Rfd8 14. Bg3 Nh5 15. Nd4 Nxg3 16. hxg3 Be8 17. Qe2 a6 18. Qg4 Bf6 19. f4 Qc5 {1-0 (55) Bossi,A-Pegoraro,N Bratto 1996}) 13... b5 $17 (13... Nxg4 $6 14. Rg1 $14) 14. Bxf6 {Black is better.} Bxf6 15. Qxd6 {[#]} ({White should play} 15. h4) 15... Qb7 $1 {And now ...b4 would win.} 16. Nd4 Rac8 {[%cal Ba8c8,Bc8c6,Bc6b6,Bb6b2][%mdl 32] White must now prevent ...Rfd8.} 17. Nxc6 Rxc6 18. Qb4 {[#]} (18. Qd3 $142) 18... a5 $1 $19 {[%mdl 512]} 19. Qxb5 $2 ({But not} 19. Qxa5 $2 b4 $19) (19. Qb3 {was forced.}) 19... Rb6 20. Qxa5 Ra8 21. Qc5 {intending Rd7.} Bg5+ 22. Re3 Rxb2 (22... Bxe3+ $2 23. Qxe3 Rxb2 24. g5 $19) 23. Rd7 $2 (23. Rdd3) 23... Bxe3+ 24. Qxe3 {[#]} Rxc2+ $1 {[%mdl 512]} 25. Kxc2 Qxd7 {[%mdl 4096] Endgame KQR-KQN} 26. a4 Rc8 {aiming for ...Qxa4+.} 27. Kb3 Rb8+ 28. Nb5 Qd1+ {[%mdl 64] Double Attack} 29. Kb4 Ra8 30. Nc3 Rb8+ 31. Nb5 Qb1+ 32. Kc5 Ra8 {Hoping for ...Qc2+.} 33. Nc3 Rc8+ {White got outplayed after the opening. Accuracy: White = 23%, Black = 82%.} 0-1

[Event "Fagernes GM Swiss 2020"]
[Site "Fagernes"]
[Date "2020.10.06"]
[Round "4.17"]
[White "Bentsen, Hakon"]
[Black "Kvaloy, Aksel Bu"]
[Result "1/2-1/2"]
[WhiteElo "2120"]
[BlackElo "2174"]
[Annotator "TA"]
[PlyCount "146"]
[EventDate "2020.10.04"]
[EventType "swiss"]
[EventCountry "NOR"]
[SourceTitle "playchess.com"]
[Source "ChessBase"]
[SourceQuality "1"]

{[%evp 23,146,8,13,6,16,6,29,0,33,0,39,-5,-7,-72,-75,-83,-83,-71,-72,-78,-82,-92,-68,-80,-67,-118,-120,-163,-172,-174,-158,-167,-169,-164,-160,-165,-162,-168,-137,-149,-137,-149,-141,-187,-170,-177,-171,-166,-147,-136,0,-168,-153,-170,-185,-189,-185,-239,-233,-321,-250,-259,-205,-191,-166,-191,-80,-80,-4,-4,-4,-4,-4,-4,-4,-254,-191,-12835,-12834,-1781,-550,-12838,-12839,-12839,-12837,-12837,0,-12840,-12840,-12841,-12828,-12835,-12835,-12838,-12832,-12835,-12835,-12837,-12838,-12838,-12835,-12836,-12835,-12836,-12836,-12837,0,-12845,-12845,-12849,0,0,0,0,0,0,0,0,0,0,0,0,0,0,0]} 1. e4 c5 2. Nf3 d6 3. d4 cxd4 4. Nxd4 Nf6 5. Nc3 a6 6. Be2 e5 7. Nb3 Be7 8. O-O O-O 9. Be3 Be6 10. Qd2 Nbd7 11. a4 Rc8 12. a5 Re8 13. Rfd1 {B92: Sicilian Najdorf: 6 Be2.} h6 14. Bf3 {[#]} Rc4 $146 ({Predecessor:} 14... Ng4 15. Bxg4 Bxg4 16. Rdc1 Bg5 17. Nd5 Be6 18. Bxg5 Qxg5 19. Qxg5 hxg5 20. c4 Kf8 {½-½ (55) Coenen,N (2289)-Florstedt,J (2353) Karlsruhe 2020}) 15. Qe1 {White has an edge.} Qc7 16. h3 Rc8 17. Be2 (17. Nd2 {is interesting.} Rb4 18. Rdb1 Qc6 19. Nf1 Bf8 20. Ng3) 17... Rxc3 18. Qxc3 (18. bxc3 $11 {keeps the balance.} Nxe4 19. c4) 18... Qxc3 $17 19. bxc3 Nxe4 20. Bf3 Nxc3 21. Bxb7 Rc7 22. Bxa6 Nxd1 {[%mdl 64] Discovered Attack} 23. Rxd1 Rxc2 24. Nc1 (24. Rb1 $15) 24... d5 25. Bb7 d4 $36 {[%mdl 2048] White is under strong pressure.} 26. Bd2 Nc5 $1 {[%cal Rc5b7]} 27. a6 {Hoping for a7.} Nxb7 28. axb7 Rb2 29. Nd3 Rxb7 {Strongly threatening ...f6.} 30. Nxe5 Rb5 31. Nf3 Bf6 32. Bf4 g5 33. Bg3 Rd5 34. Ne1 Bf5 35. Nd3 Ra5 36. Bd6 Rd5 37. Bg3 $1 Kf8 38. Nb4 Rb5 39. Nd3 Rb3 40. Nc5 (40. Bd6+ $142 Kg7 41. Ne5) 40... Rc3 $1 $19 41. Na4 Rc6 {...Bc2 is the strong threat.} 42. Nb2 h5 43. Nd3 h4 44. Be5 Bxd3 (44... Kg7 $1 $19 {and Black stays clearly on top. aiming for ...Bxd3.} 45. Bxf6+ Kxf6) 45. Bxf6 {[%mdl 4096] Endgame [#] KRB-KRB} Be2 (45... Bc2 $1 $17 {[%cal Rc2d1]} 46. Rc1 Rxf6 47. Rxc2 Ra6) 46. Rd2 $1 $11 Rxf6 47. Rxe2 {KR-KR} Rd6 (47... Rf5 {is more complex.} 48. Rd2 Rf4 49. f3 Kg7 50. Kf2 Kf6) 48. Kf1 Kg7 49. Re8 $2 (49. Rb2 $1 $11) 49... Kf6 $19 50. g3 $2 (50. Ra8) 50... hxg3 51. fxg3 Kf5 (51... d3 $142 52. Ke1 d2+ 53. Kd1 Rd3) 52. Rf8 d3 {( -> ...d2)} 53. Ke1 f6 54. Kd2 {[#]} Ra6 $2 (54... Ke4 $1 $19 55. g4 Kf3) 55. g4+ $2 {[%mdl 8192]} (55. Ke3 $11) 55... Kf4 56. Kxd3 Re6 57. Rh8 Kf3 58. Kd2 Kg3 59. Rh6 Re4 60. Rh8 Kf2 61. Kd3 Rf4 62. Rh6 Kf3 63. Kd2 Kg3 64. Ke2 Rf3 $2 (64... Rf2+ $19 65. Ke3 Rf3+ 66. Ke2 Rf4) 65. Rg6 $2 {[%mdl 8192]} (65. Rh5 $11) 65... Kg2 66. Rh6 f5 $2 ({Better is} 66... Rxh3 $19 67. Rxf6 Rh4 68. Rf2+ Kg3 69. Rf3+ Kxg4) 67. gxf5 $11 {The position is equal.} Rxf5 68. Rh5 Kg3 69. Ke3 Ra5 70. Ke4 Rb5 71. Rh8 Rb4+ 72. Kf5 Rb5+ 73. Ke4 g4 {Whites escaped into a draw. Accuracy: White = 60%, Black = 76%.} 1/2-1/2

[Event "Fagernes GM Swiss 2020"]
[Site "Fagernes"]
[Date "2020.10.06"]
[Round "4.18"]
[White "Eliseev, Sergey"]
[Black "Brodtkorb, Lars Johan"]
[Result "1-0"]
[WhiteElo "2025"]
[BlackElo "2166"]
[Annotator "ChessBase"]
[PlyCount "73"]
[EventDate "2020.10.04"]
[EventType "swiss"]
[EventCountry "NOR"]
[SourceTitle "playchess.com"]
[Source "ChessBase"]
[SourceQuality "1"]
[TimeControl "40/6000+30:2400+30"]

1. e4 {[%emt 0:00:41]} e6 {[%emt 0:20:03]} 2. d4 {[%emt 0:00:19]} d5 {[%emt 0:00:09]} 3. Nc3 {[%emt 0:00:05]} Bb4 {[%emt 0:00:12]} 4. e5 {[%emt 0:00:10]} c5 {[%emt 0:00:11]} 5. a3 {[%emt 0:00:08]} Bxc3+ {[%emt 0:00:12]} 6. bxc3 {[%emt 0:00:09]} Ne7 {[%emt 0:00:17]} 7. Qg4 {[%emt 0:00:10]} Qc7 {[%emt 0:00:38]} 8. Qxg7 {[%emt 0:00:11]} Rg8 {[%emt 0:00:12]} 9. Qxh7 {[%emt 0:00:08]} cxd4 {[%emt 0:00:23]} 10. Ne2 {[%emt 0:00:07]} Nbc6 {[%emt 0:00:58]} 11. f4 {[%emt 0:00:09]} Bd7 {[%emt 0:03:03]} 12. Qd3 {[%emt 0:00:22]} dxc3 {[%emt 0:10:38]} 13. Qxc3 {[%emt 0:00:56]} Nf5 {[%emt 0:04:36]} 14. Rg1 {[%emt 0:00:57]} O-O-O {[%emt 0:17:47]} 15. g4 {[%emt 0:00:37]} Ncd4 {[%emt 0:25:26]} 16. Qxc7+ {[%emt 0:09:48]} Kxc7 {[%emt 0:00:02]} 17. Nxd4 {[%emt 0:00:40]} Nxd4 {[%emt 0:00:02]} 18. Rg2 {[%emt 0:02:09]} Rh8 {[%emt 0:10:40]} 19. Rf2 {[%emt 0:02:01]} Ba4 {[%emt 0:01:52]} 20. Ra2 {[%emt 0:06:45]} Rxh2 {[%emt 0:08:00]} 21. Rxh2 {[%emt 0:08:25]} Nf3+ {[%emt 0:00:01]} 22. Kf2 {[%emt 0:00:24]} Nxh2 {[%emt 0:00:02]} 23. Be2 {[%emt 0:01:26]} a6 {[%emt 0:04:20]} 24. Kg3 {[%emt 0:00:46]} Rh8 {[%emt 0:00:01]} 25. Be3 {[%emt 0:00:42]} Nxg4 {[%emt 0:02:05]} 26. Bxg4 {[%emt 0:08:55]} Rh1 {[%emt 0:00:07]} 27. Bd4 {[%emt 0:02:03]} Rc1 {[%emt 0:00:36]} 28. c3 {[%emt 0:00:25]} a5 {[%emt 0:00:43]} 29. Rh2 {[%emt 0:00:29]} Be8 {[%emt 0:00:31]} 30. Rh7 {[%emt 0:01:24]} Kd7 {[%emt 0:00:35]} 31. Be2 {[%emt 0:00:49]} Rb1 {[%emt 0:00:03]} 32. a4 {[%emt 0:00:15]} Rb2 {[%emt 0:00:32]} 33. Bb5+ {[%emt 0:00:19]} Ke7 {[%emt 0:00:09]} 34. Bc5+ {[%emt 0:00:15]} Kd8 {[%emt 0:00:02]} 35. Rh8 {[%emt 0:00:16]} Rc2 {[%emt 0:00:55]} 36. Bd6 {[%emt 0:00:18]} b6 {[%emt 0:00:11]} 37. Rxe8# {[%emt 0:00:05]} 1-0